LDR 00821naa#a2200193#i#450# 001 EN\\bibl\118336 005 20260516143944.6 011 ## _a2782-6678 100 ## _a20250829b2025####ek#y0engy0150####ca 101 0# _aRUS 102 ## _aRU 200 1# _aRecommendations on the Methodology for Processing GNSS Measurements Based on the Analysis of the Accuracy of the Moscow Geodetic Network _eJournal article 210 1# _aMoscow _cMIIGAiK _d2025 215 ## _a21 с. 608 ## _aJournal article _2local 675 ## _aУравнивание непосредственных измерений. 528.141 _zRUS 686 ## _aПрикладная геодезия. Прикладные применения аэросъемки и фотограмметрии. 36.23 _2grnti 700 #1 _aFilonov _gDmitriy Nikolaevich 856 4# _amiigaik.editorum.ru _u